| 000 | 01674cam a2200565 4500 | ||
|---|---|---|---|
| 008 | 090401t1992 xxu||||| |||| 00| 0 eng d | ||
| 020 | _a0854065261 | ||
| 035 | _a(Sirsi) u54977 | ||
| 041 | _aeng | ||
| 050 |
_a333.332 _c18 |
||
| 090 | _aRICS 1992/19ABCDE | ||
| 110 |
_aRoyal Institution of Chartered Surveyors _bValuation and Rating Committee _9868 |
||
| 245 | _aManual of valuation guidance notes | ||
| 250 | _a3rd | ||
| 260 |
_aLondon _bRICS _c1992 |
||
| 300 |
_a1 _fv. (looseleaf) _c32cm. |
||
| 350 | _a41.75 | ||
| 490 | _aRICS Guidance Note | ||
| 520 | _aSuperseded by "RICS appraisal and valuation manual" (ISBN 0854066993) | ||
| 650 | _aCAVEATS | ||
| 650 | _aCHARITIES (QUALIFIED SURVEYORS REPORTS) REGULATIONS 1992 | ||
| 650 | _aCHARITIES ACT 1993 | ||
| 650 | _aCONTAMINATED LAND | ||
| 650 |
_aContamination _96231 |
||
| 650 | _aDISCLAIMERS | ||
| 650 | _aENVIRONMENTAL FACTORS | ||
| 650 | _aGOODWILL | ||
| 650 | _aHOTELS | ||
| 650 |
_aInsurance _96249 |
||
| 650 | _aLEISURE PROPERTY | ||
| 650 | _aLICENSED PROPERTY | ||
| 650 | _aLOCAL AUTHORITY ASSETS | ||
| 650 | _aMINERAL VALUATION | ||
| 650 | _aMORTGAGE VALUATIONS | ||
| 650 | _aNEW HOUSES | ||
| 650 | _aPLANT AND MACHINERY | ||
| 650 | _aREINSPECTIONS | ||
| 650 | _aREINSTATEMENT COST ASSESSMENT | ||
| 650 |
_aRESIDENTIAL PROPERTY _96266 |
||
| 650 | _aREVALUATIONS | ||
| 650 | _aSECURED LENDING | ||
| 650 | _aVALUATION GUIDANCE NOTES | ||
| 650 | _aVALUATION SURVEY | ||
| 650 | _aWATER RIGHTS | ||
| 650 | _aWHITE BOOK | ||
| 690 | _aRATING AND VALUATION | ||
| 710 |
_aRoyal Institution of Chartered Surveyors _94900 |
||
| 942 | _n0 | ||
| 948 | _c04/03/1997 | ||
| 999 |
_c93531 _d93531 |
||